Catálogo

CHAGAL : (Registro nro. 60795)

Detalles MARC
000 -LEADER
fixed length control field 00443nam a2200157 a 4500
001 - CONTROL NUMBER
control field 60795
005 - DATE AND TIME OF LATEST TRANSACTION
control field 20180714062205.0
008 - FIXED-LENGTH DATA ELEMENTS--GENERAL INFORMATION
fixed length control field 140415s1983 xxu 000 0 eng d
041 ## - LANGUAGE CODE
Language code of text/sound track or separate title eng
082 ## - DEWEY DECIMAL CLASSIFICATION NUMBER
Classification number 246.4
Item number CHA
245 00 - TITLE STATEMENT
Title CHAGAL :
Remainder of title IN JERUSALEM
250 ## - EDITION STATEMENT
Edition statement 1a ed.
260 ## - PUBLICATION, DISTRIBUTION, ETC.
Place of publication, distribution, etc. ESTADOS UNIDOS DE AMERICA :
Name of publisher, distributor, etc. LEON AMIEL PUBLISHER,
Date of publication, distribution, etc. 1983
300 ## - PHYSICAL DESCRIPTION
Extent 191
650 14 - SUBJECT ADDED ENTRY--TOPICAL TERM
Topical term or geographic name entry element ARTE CRISTIANO
General subdivision ARTE Y RELIGION
-- ARTE
-- JERUSALEN
Existencias
Withdrawn status Lost status Source of classification or shelving scheme Damaged status Not for loan Collection code Home library Current library Shelving location Date acquired Source of acquisition Inventory number Total Checkouts Full call number Barcode Date last seen Price effective from Koha item type
    Dewey Decimal Classification     General Biblioteca Karol Wojtyla Biblioteca Karol Wojtyla Sala general 03/12/2013 Compra 151000000000000000056441   246.4 CHA 9279 05/01/2026 03/12/2013 Libro